000 00675nam a22001937a 4500
999 _c179226
_d179226
005 20210601143222.0
010 _aB-739948
020 _a9788129129284
_c295.00
035 _aB-739948
037 _bGift
082 _a294.5924045
100 _aMishra, J. S.
245 _aArt of life:
_btimeless wisdom from the Gita /
_cJ.S. Mishra
260 _aNew Delhi
_bRupa Publications
_c2013
270 _a7/16, Ansari Road, Daryaganj
_bNew Delhi
_e110002
300 _axxi, 282p.
_c22cm(pbk)
942 _2ddc
_cEN
_h294.5924045
_mMIS